| 000 | 00351nam a2200145Ia 4500 | ||
|---|---|---|---|
| 008 | 191201s2012 xx 000 0 und d | ||
| 082 |
_a620.112 _bBHS |
||
| 100 | _aBHAVIKATTI, SS | ||
| 245 | 0 | _aStrength of Materials | |
| 250 | _aRep | ||
| 260 |
_aN. Delhi _bVikas Publication House _c2012 |
||
| 300 | _a408 | ||
| 650 | _aB.Tech(CE) | ||
| 942 |
_2ddc _cBK |
||
| 999 |
_c5450 _d5450 |
||